Score 0/10 Timer 01:00
3 Plays Today
% Correct
Helsinki
94.7%
Havana
94.7%
Hanoi
92.7%
Guatemala City
92.3%
Funafuti
66.7%
Harare
65%
Georgetown
62.6%
Freetown
61.1%
Gaborone
59.7%
Honiara
49.4%

Today's Daily Dose

Missing Word
Lizzo Songs

Get the Picture
The Longest Rivers

Remove Ads.
Support Sporcle.
Get the best of Sporcle when you Go Orange. This ad-free experience offers more features, more stats, and more fun while also helping to support Sporcle. Thank you for becoming a member.

You're not logged in!

Compare scores with friends on all Sporcle quizzes.
OR
Log In

Show Comments

Extras

Top Quizzes Today


Score Distribution

Your Account Isn't Verified!

In order to create a playlist on Sporcle, you need to verify the email address you used during registration. Go to your Sporcle Settings to finish the process.

Report this User

Report this user for behavior that violates our Community Guidelines.

Details: